| 000 | 00374pab a2200145 454500 | ||
|---|---|---|---|
| 008 | 180718b1983 xxu||||| |||| 00| 0 eng d | ||
| 100 | _aDua, Bhagwan D. | ||
| 245 |
_aA study in executive - judicial conflict _bThe Indian case |
||
| 260 | _c1983 | ||
| 300 | _a463-83 | ||
| 362 | _aApr. | ||
| 650 | _aSeperation of Powers - India | ||
| 773 | _aAsian Survey | ||
| 909 | _a18050 | ||
| 999 |
_c18050 _d18050 |
||